|
|
|
|
| LEADER |
00000cam a2200000 a 4500 |
| 001 |
vtls010678542 |
| 003 |
SK-MaSNL |
| 005 |
20260301134224.0 |
| 008 |
240318s2015 xo f n 000 0 slo |
| 015 |
|
|
|a SNBA2015/09
|
| 020 |
|
|
|a 9788056102305
|q (brož.)
|
| 035 |
|
|
|a 14865C80-3DD3-4DE8-9958-86125DA14DF5
|
| 035 |
|
|
|a urn:nbn:sk:snk-aml9fj
|
| 035 |
|
|
|a urn:nbn:sk:snk-am008rlm
|
| 040 |
|
|
|a SNK
|b slo
|c SNK
|e AACR2
|
| 041 |
0 |
|
|a slo
|
| 044 |
|
|
|a xo
|c SK
|
| 072 |
|
7 |
|a 25
|x Náboženstvo, mytológia, kulty
|2 konspekt
|
| 072 |
|
7 |
|a 2-1
|x Prirodzená teológia. Náboženská filozofia
|2 konspekt
|
| 080 |
|
|
|a 255.85
|2 2001
|
| 080 |
|
|
|a (048.8)
|2 2001
|
| 080 |
|
|
|a 101
|2 2001
|
| 080 |
|
|
|a 2-1
|2 2001
|
| 100 |
1 |
|
|a Sarka, Róbert,
|d 1962-
|4 aut
|9 243538
|
| 245 |
1 |
0 |
|a Gnosticizmus v modernej kultúre a novej religiozite
|b gnosticizmus : neognosticizmus : nový gnosticizmus
|c Róbert Sarka
|
| 260 |
|
|
|a Ružomberok
|b Verbum
|b Katolícka univerzita
|c 2015
|
| 300 |
|
|
|a 155 s.
|c 21 cm
|
| 504 |
|
|
|a Bibliogr. s. 147-155 ; bibliogr. odkazy
|
| 650 |
0 |
7 |
|a gnosticizmus
|x filozofické aspekty
|2 SNKPH
|9 487827
|
| 650 |
0 |
7 |
|a neognosticizmus
|2 SNKPH
|9 487828
|
| 650 |
0 |
7 |
|a Gnosticism
|x philosophical aspects
|2 SNKPHeng
|9 487829
|
| 650 |
0 |
7 |
|a Religiosity
|2 SNKPHeng
|9 315600
|
| 650 |
0 |
7 |
|a gnosticizmus
|x náboženské aspekty
|2 SNKPH
|9 487830
|
| 650 |
0 |
7 |
|a religiozita
|2 SNKPH
|9 4051
|
| 650 |
0 |
7 |
|a Gnosticism
|x religious aspects
|2 SNKPHeng
|9 487831
|
| 655 |
|
7 |
|a monografie
|2 SNKPH
|9 70139
|
| 655 |
|
7 |
|a Monographs
|2 SNKPHeng
|9 120675
|
| 919 |
|
|
|a 978-80-561-0230-5
|
| 958 |
|
|
|a NB
|
| 958 |
|
|
|a NT
|
| 999 |
|
|
|c 756127
|d 758057
|
| 952 |
|
|
|a SNK
|b SNK
|y PREZ
|7 0
|p 17A1168330
|o snkSC 165506
|i snk2015/21819
|8 0
|0 0
|1 0
|4 0
|d 2015-07-15
|f 1
|l 0
|r 2026-02-23 23:48:37
|w 2026-02-23
|
| 952 |
|
|
|a SNK
|b SNK
|y VYP
|7 0
|p 17A1168331
|o snkSC 165506 D1
|i snk2015/21820
|8 0
|0 0
|1 0
|4 0
|d 2015-07-15
|l 0
|r 2026-02-23 23:48:37
|w 2026-02-23
|